| 000 -LEADER |
| fixed length control field |
00507cam a22001697a 4500 |
| 008 - FIXED-LENGTH DATA ELEMENTS--GENERAL INFORMATION |
| fixed length control field |
180718b1992 xxu||||| |||| 00| 0 eng d |
| 020 ## - INTERNATIONAL STANDARD BOOK NUMBER |
| International Standard Book Number |
8190006142 |
| 082 ## - DEWEY DECIMAL CLASSIFICATION NUMBER |
| Classification number |
A99/H336 P193 |
| 100 ## - MAIN ENTRY--PERSONAL NAME |
| Personal name |
Ganesh |
| 245 ## - TITLE STATEMENT |
| Title |
From poverty to plenty: the story of Ralegan Siddhi |
| Statement of responsibility, etc. |
by Ganesh and Vasudha Pangare |
| 260 ## - PUBLICATION, DISTRIBUTION, ETC. |
| Place of publication, distribution, etc. |
New Delhi |
| Name of publisher, distributor, etc. |
Indian National Trust for Art and Cultural Heritage |
| Date of publication, distribution, etc. |
1992 |
| 300 ## - PHYSICAL DESCRIPTION |
| Extent |
47p. |
| 650 ## - SUBJECT ADDED ENTRY--TOPICAL TERM |
| Topical term or geographic name entry element |
Poverty |
| 650 ## - SUBJECT ADDED ENTRY--TOPICAL TERM |
| Topical term or geographic name entry element |
Anna - Biography |
| 650 ## - SUBJECT ADDED ENTRY--TOPICAL TERM |
| Topical term or geographic name entry element |
Hazare |
| 700 ## - ADDED ENTRY--PERSONAL NAME |
| Personal name |
Pangare, Vasudha |